000 00732nam a2200241 i 4500
001 C2-0324877
003 PPAK
005 20180728123043.0
008 140105s2013 nyua|||| ||||| | eng d
020 _a9781455514489
040 _aPPAK
_beng
_cPPAK
_erda
082 0 4 _a650.1
_223
090 0 0 _a650.1
_bFIN
_dLCK
100 1 _aFinerman, Karen,
_eauthor
245 1 0 _aFinerman's Rules :
_bsecrets i'd only tell my daughters about business and life
264 1 _aPark Avenue, New York :
_bBusiness Plus ,
_c2013
300 _a1 pages, 263 pages :
_billustrations ;
_c24 cm
336 _2rdacontent
_atext
337 _2rdamedia
_aunmediated
338 _2rdacarrier
_avolume
650 1 0 _aSucess in business
942 _ddc
_cB
999 _c124688
_d124688